000 006550000a22001810004500
005 20240212094427.0
008 230817t2003 ||||| |||| 00| 0 eng d
020 _a955843003X
082 _a340.59
_bAME
245 _aAl-Ameen law report:
_bcontaining cases decided under Muslim Law by the Wakfs Tribunal and M.C., DC, CA and Supreme Court of the Democratic Socialist Republic of Sri Lanka
260 _aColombo:
_bAl-Ameen Publication,
_c2003
300 _axi., 228 p.; 22 cm
490 _aVol.no.1
650 _aIslamic law -- Sri Lanka -- Cases.
650 _aIslamic law- Sri Lanka- Trials, litigation
700 _aAmeen, A. H. G.
_eed.
942 _cRP
999 _c466
_d466